[Event "FIDE Women GP Monaco 2019"]
[Site "Monaco"]
[Date "2019.12.05"]
[Round "3.3"]
[White "Goryachkina, Aleksandra"]
[Black "Zhao, Xue"]
[Result "1-0"]
[WhiteElo "2572"]
[BlackElo "2485"]
[Annotator "ChessBase"]
[PlyCount "121"]
[EventDate "2019.12.03"]
[EventType "tourn"]
[EventCountry "MNC"]
[SourceTitle "playchess.com"]
[Source "ChessBase"]
[SourceQuality "1"]
[TimeControl "40/5400+30:1800+30"]

1. Nf3 d5 {[%emt 0:00:14]} 2. d4 {[%emt 0:00:00]} Nf6 {[%emt 0:04:24]} 3. c4 {[%emt 0:00:08]} e6 {[%emt 0:00:05]} 4. Nc3 Bb4 {[%emt 0:00:46]} 5. Bg5 {[%emt 0:00:35]} h6 {[%emt 0:00:41]} 6. Bxf6 {[%emt 0:00:16]} Qxf6 {[%emt 0:00:06]} 7. e3 {[%emt 0:00:23]} c6 {[%emt 0:03:46]} 8. Rc1 {[%emt 0:02:01]} Nd7 {[%emt 0:11:40]} 9. a3 {[%emt 0:02:23]} Be7 {[%emt 0:07:42]} 10. Bd3 {[%emt 0:03:38]} O-O {[%emt 0:02:24]} 11. O-O {[%emt 0:07:12]} Rd8 {[%emt 0:05:31]} 12. Qe2 {[%emt 0:00:54]} Bf8 {[%emt 0:12:21]} 13. Rfd1 {[%emt 0:02:29]} b6 {[%emt 0:11:23]} 14. cxd5 {[%emt 0:13:55]} exd5 {[%emt 0:01:51]} 15. e4 Bb7 16. exd5 {[%emt 0:10:13]} cxd5 {[%emt 0:07:49]} 17. Ba6 {[%emt 0:01:48]} Bc6 {[%emt 0:07:37]} 18. Nb5 {[%emt 0:09:22]} Re8 {[%emt 0:07:00]} 19. Qc2 {[%emt 0:02:50]} Bxb5 {[%emt 0:06:55]} 20. Bxb5 {[%emt 0:00:11]} Re7 {[%emt 0:00:45]} 21. Qc6 {[%emt 0:05:15]} Qxc6 {[%emt 0:00:05]} 22. Bxc6 {[%emt 0:00:11]} Rd8 {[%emt 0:00:11]} 23. Bxd5 {[%emt 0:03:35]} Re2 {[%emt 0:03:03]} 24. Rb1 {[%emt 0:01:40]} Rc8 {[%emt 0:02:16]} 25. Bb3 {[%emt 0:03:33]} g5 {[%emt 0:01:33]} 26. Kf1 {[%emt 0:01:53]} Re4 {[%emt 0:00:16]} 27. h3 {[%emt 0:01:17]} Bg7 {[%emt 0:02:09]} 28. Rbc1 {[%emt 0:04:39]} Rd8 {[%emt 0:00:21]} 29. Rc7 {[%emt 0:01:48]} a5 {[%emt 0:01:00]} 30. Rb7 Kf8 {[%emt 0:00:25]} 31. Ba4 {[%emt 0:03:56]} Ke7 32. Rc1 {[%emt 0:05:25]} Re6 {[%emt 0:01:01]} 33. Rcc7 {[%emt 0:01:07]} Rd6 {[%emt 0:00:05]} 34. Ne5 {[%emt 0:01:33]} Bxe5 {[%emt 0:00:06]} 35. dxe5 {[%emt 0:00:05]} Rd4 {[%emt 0:00:24]} 36. Bxd7 {[%emt 0:05:33]} R8xd7 {[%emt 0:00:04]} 37. Rxd7+ {[%emt 0:00:12]} Rxd7 {[%emt 0:00:06]} 38. Rxb6 {[%emt 0:00:05]} Rd2 {[%emt 0:00:03]} 39. g4 {[%emt 0:04:04]} Rd5 {[%emt 0:01:29]} 40. Rxh6 {[%emt 0:01:10]} Rxe5 {[%emt 0:00:22]} 41. Rb6 {[%emt 0:30:21]} f6 {[%emt 0:30:54]} 42. a4 {[%emt 0:00:29]} Rc5 {[%emt 0:00:29]} 43. Ke2 {[%emt 0:01:18]} Rc4 {[%emt 0:00:00]} 44. b3 {[%emt 0:00:00]} Rc3 {[%emt 0:00:00]} 45. f3 {[%emt 0:00:00]} Kf7 {[%emt 0:00:00]} 46. Kf2 {[%emt 0:00:00]} Rd3 {[%emt 0:00:00]} 47. Kg3 {[%emt 0:00:00]} Rc3 {[%emt 0:00:00]} 48. Rb5 {[%emt 0:00:00]} Kg6 {[%emt 0:00:00]} 49. Kf2 {[%emt 0:00:00]} Kf7 {[%emt 0:00:00]} 50. Rxa5 {[%emt 0:00:00]} Rxb3 {[%emt 0:00:00]} 51. Rf5 {[%emt 0:00:00]} Ra3 {[%emt 0:00:00]} 52. a5 {[%emt 0:00:00]} Ke6 {[%emt 0:00:00]} 53. Ke2 {[%emt 0:00:00]} Ra1 {[%emt 0:00:00]} 54. Kd3 {[%emt 0:00:00]} Rh1 {[%emt 0:00:00]} 55. Kc4 {[%emt 0:00:00]} Rxh3 {[%emt 0:00:00]} 56. a6 {[%emt 0:00:00]} Rh1 {[%emt 0:00:00]} 57. Ra5 {[%emt 0:00:00]} Rh8 {[%emt 0:00:00]} 58. a7 {[%emt 0:00:00]} Ra8 {[%emt 0:00:00]} 59. Kc5 {[%emt 0:00:00]} Ke5 {[%emt 0:00:00]} 60. Kb6+ {[%emt 0:00:00]} Kf4 {[%emt 0:00:00]} 61. Rf5+ {[%emt 0:00:00]} 1-0

[Event "FIDE Women GP Monaco 2019"]
[Site "Monaco"]
[Date "2019.12.05"]
[Round "3.4"]
[White "Gunina, Valentina"]
[Black "Kosteniuk, Alexandra"]
[Result "1-0"]
[WhiteElo "2492"]
[BlackElo "2483"]
[Annotator "ChessBase"]
[PlyCount "79"]
[EventDate "2019.12.03"]
[EventType "tourn"]
[EventCountry "MNC"]
[SourceTitle "playchess.com"]
[Source "ChessBase"]
[SourceQuality "1"]
[TimeControl "40/5400+30:1800+30"]

1. d4 {[%emt 0:00:00]} Nf6 {[%emt 0:00:00]} 2. c4 {[%emt 0:00:00]} e6 {[%emt 0:00:00]} 3. Nf3 {[%emt 0:00:00]} b6 {[%emt 0:00:00]} 4. g3 {[%emt 0:00:39]} Bb7 {[%emt 0:00:00]} 5. Bg2 {[%emt 0:00:18]} Be7 {[%emt 0:00:00]} 6. Nc3 {[%emt 0:00:23]} O-O {[%emt 0:00:13]} 7. Bd2 {[%emt 0:00:08]} Qc8 {[%emt 0:06:50]} 8. O-O {[%emt 0:16:14]} Na6 {[%emt 0:08:01]} 9. Bg5 {[%emt 0:14:29]} d5 {[%emt 0:05:41]} 10. cxd5 {[%emt 0:13:16]} exd5 {[%emt 0:00:07]} 11. Rc1 {[%emt 0:00:03]} Rd8 {[%emt 0:06:27]} 12. Ne5 {[%emt 0:04:38]} c5 {[%emt 0:08:26]} 13. f4 {[%emt 0:02:34]} Nc7 {[%emt 0:09:11]} 14. e3 {[%emt 0:06:58]} Nce8 {[%emt 0:02:19]} 15. g4 {[%emt 0:08:03]} Ba6 {[%emt 0:05:36]} 16. Rf3 {[%emt 0:03:29]} Qb7 {[%emt 0:23:18]} 17. Rh3 {[%emt 0:01:15]} cxd4 {[%emt 0:03:00]} 18. exd4 {[%emt 0:00:51]} Rac8 {[%emt 0:00:22]} 19. Rc2 {[%emt 0:07:05]} Nc7 {[%emt 0:04:56]} 20. f5 {[%emt 0:06:18]} Nb5 {[%emt 0:01:44]} 21. Be3 {[%emt 0:00:18]} Nxc3 {[%emt 0:00:57]} 22. bxc3 {[%emt 0:00:06]} Ne4 23. Bxe4 {[%emt 0:01:12]} dxe4 {[%emt 0:05:48]} 24. g5 Bd6 25. Qh5 {[%emt 0:05:02]} Bxe5 {[%emt 0:00:52]} 26. dxe5 {[%emt 0:00:07]} Qd5 {[%emt 0:02:08]} 27. Kg2 {[%emt 0:08:10]} Qxe5 {[%emt 0:04:21]} 28. Qxh7+ {[%emt 0:00:13]} Kf8 {[%emt 0:00:01]} 29. f6 {[%emt 0:00:38]} gxf6 {[%emt 0:00:08]} 30. Rf2 {[%emt 0:01:03]} Rxc3 {[%emt 0:01:25]} 31. gxf6 {[%emt 0:01:06]} Ke8 {[%emt 0:00:04]} 32. Qg8+ {[%emt 0:00:24]} Kd7 {[%emt 0:00:01]} 33. Qxf7+ {[%emt 0:00:06]} Kc8 {[%emt 0:02:31]} 34. Bf4 {[%emt 0:00:14]} Qd4 {[%emt 0:01:50]} 35. Rxc3+ {[%emt 0:00:06]} Qxc3 {[%emt 0:00:03]} 36. Qe6+ {[%emt 0:00:05]} Rd7 {[%emt 0:00:34]} 37. f7 {[%emt 0:00:33]} Qg7+ {[%emt 0:00:41]} 38. Bg3 {[%emt 0:00:07]} Qf8 {[%emt 0:00:03]} 39. Rc2+ {[%emt 0:00:10]} Kd8 {[%emt 0:00:09]} 40. Qf6+ {[%emt 0:00:22]} 1-0

[Event "FIDE Women GP Monaco 2019"]
[Site "Monaco"]
[Date "2019.12.05"]
[Round "3.6"]
[White "Muzychuk, Anna"]
[Black "Koneru, Humpy"]
[Result "1/2-1/2"]
[WhiteElo "2537"]
[BlackElo "2574"]
[Annotator "TA"]
[PlyCount "52"]
[EventDate "2019.12.03"]
[EventType "tourn"]
[EventCountry "MNC"]
[SourceTitle "playchess.com"]
[Source "ChessBase"]
[SourceQuality "1"]

{[%evp 15,52,29,33,33,20,36,35,17,22,27,46,50,50,51,46,51,47,34,60,34,22,22,30,14,37,29,21,0,0,0,0,0,0,0,0,0,0,0,0]} 1. e4 e5 2. Nf3 Nf6 3. Nxe5 d6 4. Nf3 Nxe4 5. Nc3 Nxc3 6. dxc3 Be7 7. Be3 Nc6 8. Qd2 Be6 9. O-O-O {C42: Petroff Defence: 3 Nxe5 and unusual White 3rd moves} Qd7 ({Don't blunder} 9... Bxa2 $2 10. b3 $18) 10. Kb1 (10. h4 h6 11. Nd4 Nxd4 12. Bxd4 Rg8 13. c4 c5 14. Bc3 O-O-O 15. Qe3 g5 16. hxg5 hxg5 {½-½ (71) Caruana,F (2819)-So,W (2754) Stavanger 2019}) 10... h6 11. h3 {White is slightly better.} O-O-O 12. Be2 Ne5 $146 ({Predecessor:} 12... Bf6 13. Nd4 Nxd4 14. Bxd4 Be5 15. Qe3 Qa4 16. b3 Qa5 {1-0 (26) Fernandez Lledo,J (1860)-Ballesteros Galvez,D (2444) Padron 2008}) 13. Nxe5 dxe5 14. Qxd7+ Rxd7 15. Bxa7 b6 {[#] Strongly threatening ...Kb7.} 16. Ba6+ Kd8 17. Bb7 Bd6 18. Rd2 {And now Bc6 would win.} Ke7 {White must now prevent ...c5.} 19. Rhd1 Bc5 20. Rxd7+ Bxd7 21. f3 {The position is equal.} Bd6 22. b4 Bc8 23. Bc6 Bd7 24. Bb7 Bc8 25. Bc6 Bd7 26. Bb7 Bc8 {Accuracy: White = 60%, Black = 77%.} 1/2-1/2

[Event "FIDE Women GP Monaco 2019"]
[Site "Monaco"]
[Date "2019.12.06"]
[Round "4.1"]
[White "Dzagnidze, Nana"]
[Black "Koneru, Humpy"]
[Result "1/2-1/2"]
[WhiteElo "2520"]
[BlackElo "2574"]
[Annotator "ChessBase"]
[PlyCount "89"]
[EventDate "2019.12.03"]
[EventType "tourn"]
[EventCountry "MNC"]
[SourceTitle "playchess.com"]
[Source "ChessBase"]
[SourceQuality "1"]
[TimeControl "40/5400+30:1800+30"]

1. d4 {[%emt 0:00:00]} Nf6 {[%emt 0:00:00]} 2. c4 {[%emt 0:00:00]} e6 {[%emt 0:00:00]} 3. Nf3 {[%emt 0:00:00]} b6 {[%emt 0:00:16]} 4. g3 {[%emt 0:00:35]} Bb4+ {[%emt 0:00:40]} 5. Bd2 {[%emt 0:00:21]} Bxd2+ {[%emt 0:00:35]} 6. Qxd2 {[%emt 0:00:35]} Ba6 {[%emt 0:00:19]} 7. b3 {[%emt 0:00:28]} c6 {[%emt 0:06:28]} 8. Nc3 {[%emt 0:00:52]} d5 {[%emt 0:00:51]} 9. e4 {[%emt 0:14:07]} dxe4 {[%emt 0:20:51]} 10. Ng5 {[%emt 0:01:56]} O-O {[%emt 0:03:44]} 11. Bg2 {[%emt 0:09:30]} Nbd7 {[%emt 0:01:28]} 12. Ngxe4 {[%emt 0:08:07]} Qc7 {[%emt 0:08:11]} 13. O-O {[%emt 0:08:30]} Rad8 {[%emt 0:15:08]} 14. Rfe1 {[%emt 0:14:39]} Rfe8 {[%emt 0:02:06]} 15. Rad1 {[%emt 0:10:05]} Bb7 {[%emt 0:04:00]} 16. Qf4 {[%emt 0:00:30]} Qxf4 {[%emt 0:00:30]} 17. gxf4 {[%emt 0:00:02]} Nxe4 {[%emt 0:02:59]} 18. Nxe4 {[%emt 0:03:54]} Nf6 {[%emt 0:03:25]} 19. Nxf6+ {[%emt 0:00:16]} gxf6 {[%emt 0:00:03]} 20. f5 {[%emt 0:00:12]} Kf8 21. f4 {[%emt 0:01:02]} Re7 {[%emt 0:17:13]} 22. Kf2 {[%emt 0:02:40]} Ke8 {[%emt 0:01:02]} 23. Bf3 {[%emt 0:07:22]} exf5 {[%emt 0:05:30]} 24. b4 {[%emt 0:04:19]} Rxe1 {[%emt 0:00:01]} 25. Rxe1+ {[%emt 0:00:30]} Kf8 {[%emt 0:00:30]} 26. Rd1 Ba6 {[%emt 0:02:03]} 27. c5 {[%emt 0:00:09]} Bb5 28. d5 {[%emt 0:01:27]} bxc5 {[%emt 0:01:18]} 29. bxc5 {[%emt 0:04:22]} cxd5 {[%emt 0:00:02]} 30. Rxd5 {[%emt 0:00:13]} Rc8 {[%emt 0:00:31]} 31. Rxf5 {[%emt 0:00:28]} Bd7 {[%emt 0:01:39]} 32. Rd5 {[%emt 0:03:31]} Be6 {[%emt 0:00:51]} 33. Rh5 {[%emt 0:00:03]} f5 {[%emt 0:00:13]} 34. c6 {[%emt 0:00:04]} Rb8 {[%emt 0:00:22]} 35. Rxh7 {[%emt 0:00:23]} Rb2+ {[%emt 0:00:08]} 36. Ke3 {[%emt 0:00:50]} Rxa2 {[%emt 0:00:54]} 37. Rh8+ {[%emt 0:01:50]} Ke7 {[%emt 0:00:57]} 38. Ra8 {[%emt 0:03:37]} Rxh2 {[%emt 0:01:31]} 39. Rxa7+ {[%emt 0:00:20]} Kd6 {[%emt 0:00:06]} 40. Ra3 {[%emt 0:00:45]} Rc2 {[%emt 0:01:38]} 41. Rd3+ {[%emt 0:30:50]} Ke7 {[%emt 0:07:31]} 42. Rd4 {[%emt 0:00:00]} Rc3+ {[%emt 0:02:36]} 43. Rd3 {[%emt 0:00:00]} Rc2 {[%emt 0:00:31]} 44. Rd4 {[%emt 0:00:00]} Rc3+ {[%emt 0:00:06]} 45. Rd3 {[%emt 0:00:00]} 1/2-1/2

[Event "FIDE Women GP Monaco 2019"]
[Site "Monaco"]
[Date "2019.12.06"]
[Round "4.2"]
[White "Lagno, Kateryna"]
[Black "Muzychuk, Anna"]
[Result "0-1"]
[WhiteElo "2547"]
[BlackElo "2537"]
[Annotator "ChessBase"]
[PlyCount "106"]
[EventDate "2019.12.03"]
[EventType "tourn"]
[EventCountry "MNC"]
[SourceTitle "playchess.com"]
[Source "ChessBase"]
[SourceQuality "1"]
[TimeControl "40/5400+30:1800+30"]

1. e4 {[%emt 0:00:00]} e5 {[%emt 0:00:07]} 2. Nf3 {[%emt 0:00:00]} Nc6 {[%emt 0:00:00]} 3. Bb5 {[%emt 0:00:00]} a6 {[%emt 0:00:00]} 4. Ba4 {[%emt 0:00:01]} Nf6 {[%emt 0:00:00]} 5. O-O {[%emt 0:00:08]} b5 {[%emt 0:00:02]} 6. Bb3 {[%emt 0:00:17]} Bb7 {[%emt 0:00:12]} 7. d3 {[%emt 0:00:47]} Bc5 {[%emt 0:00:24]} 8. c3 {[%emt 0:02:44]} d6 {[%emt 0:05:36]} 9. Bg5 {[%emt 0:01:13]} h6 {[%emt 0:05:25]} 10. Bh4 {[%emt 0:01:40]} g5 {[%emt 0:06:03]} 11. Bg3 {[%emt 0:00:08]} Qe7 {[%emt 0:02:20]} 12. Re1 {[%emt 0:10:18]} h5 {[%emt 0:21:06]} 13. h4 {[%emt 0:16:21]} g4 {[%emt 0:00:52]} 14. Ng5 {[%emt 0:22:58]} Nd8 {[%emt 0:05:01]} 15. d4 {[%emt 0:07:52]} Bb6 {[%emt 0:00:46]} 16. f4 gxf3 {[%emt 0:16:44]} 17. Qxf3 {[%emt 0:03:51]} Ng4 {[%emt 0:07:31]} 18. Kh1 {[%emt 0:06:37]} f6 {[%emt 0:05:45]} 19. Nh3 {[%emt 0:00:12]} Ne6 {[%emt 0:01:22]} 20. Qf5 {[%emt 0:13:01]} Ng7 {[%emt 0:05:09]} 21. Qg6+ {[%emt 0:00:05]} Kd7 {[%emt 0:00:28]} 22. dxe5 {[%emt 0:01:52]} fxe5 {[%emt 0:07:30]} 23. Rf1 {[%emt 0:02:29]} Rh6 {[%emt 0:01:56]} 24. Qf7 {[%emt 0:01:22]} Rf6 {[%emt 0:00:59]} 25. Qxe7+ {[%emt 0:00:25]} Kxe7 {[%emt 0:00:02]} 26. Nd2 {[%emt 0:00:15]} Be3 {[%emt 0:00:51]} 27. Nf3 {[%emt 0:00:49]} Bxe4 {[%emt 0:00:36]} 28. Nfg5 {[%emt 0:01:02]} Bd3 {[%emt 0:00:44]} 29. Rxf6 {[%emt 0:02:54]} Nxf6 {[%emt 0:00:06]} 30. Bf2 {[%emt 0:01:51]} Nf5 {[%emt 0:01:42]} 31. Bxe3 {[%emt 0:01:23]} Nxe3 {[%emt 0:00:02]} 32. Nf2 {[%emt 0:00:09]} Bc4 {[%emt 0:00:43]} 33. Re1 {[%emt 0:00:18]} Bxb3 {[%emt 0:01:28]} 34. axb3 {[%emt 0:00:05]} Nf5 {[%emt 0:00:17]} 35. Nf3 {[%emt 0:00:24]} Ng4 {[%emt 0:01:49]} 36. Nd3 Kd7 37. Kg1 {[%emt 0:02:58]} Rg8 {[%emt 0:01:20]} 38. Nf2 {[%emt 0:01:37]} Nxf2 {[%emt 0:01:45]} 39. Kxf2 {[%emt 0:00:39]} Rg4 40. Ra1 e4 {[%emt 0:01:40]} 41. Ne1 {[%emt 0:31:11]} e3+ 42. Kg1 {[%emt 0:00:00]} Rf4 {[%emt 0:20:21]} 43. Nc2 {[%emt 0:00:00]} Rxh4 {[%emt 0:04:26]} 44. Rxa6 {[%emt 0:00:00]} Rf4 {[%emt 0:00:40]} 45. Ra1 {[%emt 0:00:00]} e2 {[%emt 0:00:26]} 46. Re1 {[%emt 0:00:00]} Ng3 {[%emt 0:00:25]} 47. Kh2 {[%emt 0:00:00]} h4 {[%emt 0:04:30]} 48. Kh3 {[%emt 0:00:00]} c5 {[%emt 0:00:34]} 49. Ra1 Re4 {[%emt 0:01:38]} 50. Ne1 {[%emt 0:00:00]} b4 {[%emt 0:00:12]} 51. Ra8 {[%emt 0:00:00]} Nf5 {[%emt 0:01:24]} 52. c4 {[%emt 0:01:53]} Rf4 {[%emt 0:00:44]} 53. Ra1 {[%emt 0:00:36]} Rf1 {[%emt 0:00:21]} 0-1

[Event "FIDE Women GP Monaco 2019"]
[Site "Monaco"]
[Date "2019.12.06"]
[Round "4.3"]
[White "Paehtz, Elisabeth"]
[Black "Cramling, Pia"]
[Result "0-1"]
[WhiteElo "2475"]
[BlackElo "2461"]
[Annotator "ChessBase"]
[PlyCount "94"]
[EventDate "2019.12.03"]
[EventType "tourn"]
[EventCountry "MNC"]
[SourceTitle "playchess.com"]
[Source "ChessBase"]
[SourceQuality "1"]
[TimeControl "40/5400+30:1800+30"]

1. e4 {[%emt 0:00:00]} c5 {[%emt 0:00:00]} 2. Nf3 {[%emt 0:00:00]} e6 {[%emt 0:00:00]} 3. d4 {[%emt 0:00:00]} cxd4 {[%emt 0:00:00]} 4. Nxd4 {[%emt 0:00:00]} a6 {[%emt 0:00:00]} 5. c4 {[%emt 0:00:00]} Nf6 {[%emt 0:00:18]} 6. Nc3 {[%emt 0:00:00]} Bb4 {[%emt 0:00:19]} 7. Qf3 {[%emt 0:00:00]} d6 {[%emt 0:07:46]} 8. Nc2 {[%emt 0:01:17]} Bxc3+ {[%emt 0:03:14]} 9. Qxc3 {[%emt 0:22:10]} O-O {[%emt 0:00:21]} 10. Bd3 {[%emt 0:01:11]} e5 {[%emt 0:01:54]} 11. O-O {[%emt 0:01:20]} Be6 {[%emt 0:00:47]} 12. f4 {[%emt 0:19:14]} exf4 {[%emt 0:04:36]} 13. Bxf4 {[%emt 0:00:04]} Nc6 {[%emt 0:00:29]} 14. Rad1 {[%emt 0:09:52]} Ng4 {[%emt 0:34:49]} 15. Be2 {[%emt 0:13:32]} Qb6+ {[%emt 0:02:42]} 16. Ne3 {[%emt 0:00:07]} Nf6 {[%emt 0:11:16]} 17. Bf3 {[%emt 0:00:18]} Rfd8 {[%emt 0:09:19]} 18. Bxd6 {[%emt 0:05:26]} Bxc4 {[%emt 0:00:14]} 19. Qxc4 {[%emt 0:05:37]} Qxe3+ {[%emt 0:00:07]} 20. Kh1 {[%emt 0:00:02]} Re8 {[%emt 0:02:38]} 21. Rde1 {[%emt 0:07:01]} Qg5 {[%emt 0:01:25]} 22. e5 {[%emt 0:04:03]} Nxe5 {[%emt 0:00:12]} 23. Bxe5 {[%emt 0:01:22]} Rxe5 {[%emt 0:00:05]} 24. Rxe5 {[%emt 0:01:13]} Qxe5 {[%emt 0:00:05]} 25. Bxb7 {[%emt 0:00:02]} Rb8 {[%emt 0:06:06]} 26. Bxa6 {[%emt 0:03:46]} Rxb2 {[%emt 0:03:35]} 27. Bb7 {[%emt 0:03:47]} g6 {[%emt 0:02:06]} 28. a4 {[%emt 0:00:42]} Kg7 {[%emt 0:00:38]} 29. Bc6 {[%emt 0:00:57]} Rd2 {[%emt 0:01:27]} 30. Qb5 {[%emt 0:00:21]} Qd4 {[%emt 0:03:10]} 31. Bf3 {[%emt 0:00:32]} Rb2 {[%emt 0:00:34]} 32. Qa6 {[%emt 0:00:32]} Ra2 {[%emt 0:00:36]} 33. a5 {[%emt 0:01:12]} Qc3 {[%emt 0:00:30]} 34. Qb7 {[%emt 0:00:33]} Rxa5 {[%emt 0:00:19]} 35. h3 {[%emt 0:00:10]} h5 {[%emt 0:01:05]} 36. Qb1 {[%emt 0:00:11]} Ra4 {[%emt 0:01:31]} 37. Qc1 {[%emt 0:00:01]} Qe5 {[%emt 0:00:28]} 38. Re1 {[%emt 0:00:03]} Qd6 {[%emt 0:00:34]} 39. Rd1 {[%emt 0:00:28]} Qe5 {[%emt 0:00:13]} 40. Re1 {[%emt 0:00:02]} Qg3 {[%emt 0:01:35]} 41. Qe3 {[%emt 0:30:47]} Ra5 {[%emt 0:31:24]} 42. Bc6 {[%emt 0:01:21]} Qd6 {[%emt 0:01:32]} 43. Bf3 {[%emt 0:00:12]} Rf5 {[%emt 0:00:00]} 44. Kg1 {[%emt 0:00:00]} g5 {[%emt 0:00:00]} 45. Rd1 {[%emt 0:00:00]} Qg3 {[%emt 0:00:00]} 46. Qd3 {[%emt 0:00:00]} Re5 {[%emt 0:00:00]} 47. Bb7 {[%emt 0:00:00]} Re1+ {[%emt 0:00:00]} 0-1

[Event "FIDE Women GP Monaco 2019"]
[Site "Monaco"]
[Date "2019.12.06"]
[Round "4.4"]
[White "Zhao, Xue"]
[Black "Gunina, Valentina"]
[Result "1-0"]
[WhiteElo "2485"]
[BlackElo "2492"]
[Annotator "ChessBase"]
[PlyCount "79"]
[EventDate "2019.12.03"]
[EventType "tourn"]
[EventCountry "MNC"]
[SourceTitle "playchess.com"]
[Source "ChessBase"]
[SourceQuality "1"]
[TimeControl "40/5400+30:1800+30"]

1. d4 {[%emt 0:00:00]} Nf6 {[%emt 0:00:00]} 2. c4 {[%emt 0:00:00]} e6 {[%emt 0:00:00]} 3. Nf3 {[%emt 0:00:00]} Bb4+ {[%emt 0:00:00]} 4. Nbd2 {[%emt 0:00:00]} a5 {[%emt 0:00:00]} 5. a3 {[%emt 0:01:24]} Be7 {[%emt 0:00:23]} 6. e4 d5 7. e5 {[%emt 0:04:53]} Nfd7 {[%emt 0:00:44]} 8. Bd3 {[%emt 0:16:17]} c5 {[%emt 0:02:16]} 9. O-O {[%emt 0:03:39]} Nc6 {[%emt 0:06:50]} 10. Re1 {[%emt 0:01:41]} cxd4 {[%emt 0:28:11]} 11. cxd5 {[%emt 0:00:52]} Nc5 {[%emt 0:01:19]} 12. dxc6 {[%emt 0:00:33]} Nxd3 {[%emt 0:01:48]} 13. Re4 {[%emt 0:00:13]} Qc7 {[%emt 0:13:27]} 14. Nc4 {[%emt 0:08:12]} Nc5 {[%emt 0:03:17]} 15. Rxd4 {[%emt 0:06:30]} O-O {[%emt 0:02:06]} 16. Bg5 {[%emt 0:01:59]} bxc6 {[%emt 0:18:19]} 17. Bxe7 {[%emt 0:05:12]} Qxe7 {[%emt 0:00:02]} 18. Qc2 {[%emt 0:04:13]} f5 {[%emt 0:17:18]} 19. Nd6 {[%emt 0:05:27]} Ne4 {[%emt 0:01:49]} 20. Qxc6 {[%emt 0:04:59]} Rb8 {[%emt 0:00:59]} 21. Rc1 {[%emt 0:04:45]} Bb7 {[%emt 0:00:23]} 22. Nxb7 {[%emt 0:09:12]} Rxb7 {[%emt 0:00:01]} 23. h4 {[%emt 0:05:20]} h6 {[%emt 0:00:47]} 24. Rcd1 {[%emt 0:04:42]} Rxb2 {[%emt 0:00:32]} 25. Rd7 {[%emt 0:00:06]} Qe8 {[%emt 0:01:08]} 26. Qc7 {[%emt 0:01:10]} Qg6 {[%emt 0:00:23]} 27. Rd8 {[%emt 0:00:15]} Rxd8 {[%emt 0:00:54]} 28. Rxd8+ {[%emt 0:01:02]} Kh7 {[%emt 0:00:03]} 29. Qc8 {[%emt 0:00:10]} Qf7 {[%emt 0:00:44]} 30. Rf8 {[%emt 0:01:03]} Qe7 {[%emt 0:00:28]} 31. h5 {[%emt 0:00:30]} Rb1+ {[%emt 0:00:42]} 32. Kh2 {[%emt 0:00:05]} Qxf8 {[%emt 0:00:30]} 33. Qxf8 {[%emt 0:00:12]} Nxf2 {[%emt 0:00:04]} 34. Qe8 {[%emt 0:02:55]} Rh1+ {[%emt 0:00:57]} 35. Kg3 {[%emt 0:00:05]} Ne4+ {[%emt 0:00:12]} 36. Kf4 {[%emt 0:00:04]} Nc5 {[%emt 0:00:28]} 37. Qe7 {[%emt 0:02:27]} Rc1 {[%emt 0:00:44]} 38. Ke3 {[%emt 0:02:19]} Rc4 {[%emt 0:00:33]} 39. Nd4 {[%emt 0:02:02]} f4+ {[%emt 0:00:36]} 40. Ke2 {[%emt 0:01:59]} 1-0

[Event "FIDE Women GP Monaco 2019"]
[Site "Monaco"]
[Date "2019.12.06"]
[Round "4.5"]
[White "Harika, Dronavalli"]
[Black "Goryachkina, Aleksandra"]
[Result "0-1"]
[WhiteElo "2518"]
[BlackElo "2572"]
[Annotator "ChessBase"]
[PlyCount "110"]
[EventDate "2019.12.03"]
[EventType "tourn"]
[EventCountry "MNC"]
[SourceTitle "playchess.com"]
[Source "ChessBase"]
[SourceQuality "1"]
[TimeControl "40/5400+30:1800+30"]

1. Nf3 {[%emt 0:00:00]} d5 {[%emt 0:00:00]} 2. d4 {[%emt 0:00:00]} Nf6 {[%emt 0:00:00]} 3. c4 {[%emt 0:00:00]} c6 {[%emt 0:00:05]} 4. Nc3 {[%emt 0:00:00]} e6 {[%emt 0:00:49]} 5. e3 {[%emt 0:00:17]} Nbd7 {[%emt 0:00:36]} 6. Be2 {[%emt 0:00:33]} Bd6 {[%emt 0:01:33]} 7. O-O {[%emt 0:00:36]} O-O {[%emt 0:00:59]} 8. a4 {[%emt 0:00:31]} a5 {[%emt 0:07:40]} 9. Qc2 {[%emt 0:01:02]} Qe7 {[%emt 0:03:29]} 10. Rd1 {[%emt 0:00:55]} h6 {[%emt 0:02:24]} 11. h3 {[%emt 0:09:37]} Re8 {[%emt 0:03:55]} 12. e4 {[%emt 0:15:15]} Nxe4 {[%emt 0:02:53]} 13. Nxe4 {[%emt 0:00:05]} dxe4 {[%emt 0:00:06]} 14. Qxe4 {[%emt 0:00:03]} e5 {[%emt 0:07:55]} 15. dxe5 {[%emt 0:06:08]} Nxe5 {[%emt 0:03:52]} 16. Nxe5 {[%emt 0:00:52]} Qxe5 {[%emt 0:02:58]} 17. Qxe5 {[%emt 0:00:11]} Bxe5 {[%emt 0:00:05]} 18. Bd3 {[%emt 0:01:13]} Be6 {[%emt 0:05:36]} 19. Be3 {[%emt 0:01:56]} Red8 {[%emt 0:03:09]} 20. Rab1 {[%emt 0:03:08]} Kf8 {[%emt 0:09:04]} 21. b3 {[%emt 0:03:04]} Bd4 {[%emt 0:01:37]} 22. Kf1 {[%emt 0:01:43]} Bxe3 {[%emt 0:04:32]} 23. fxe3 {[%emt 0:01:58]} Rd7 {[%emt 0:01:50]} 24. Be2 {[%emt 0:03:48]} Rxd1+ {[%emt 0:04:31]} 25. Rxd1 {[%emt 0:00:27]} Ke7 {[%emt 0:00:22]} 26. Ke1 {[%emt 0:02:55]} Rd8 {[%emt 0:03:46]} 27. Rb1 {[%emt 0:11:01]} c5 {[%emt 0:03:59]} 28. Rc1 {[%emt 0:00:21]} Kf6 {[%emt 0:01:11]} 29. Rc3 {[%emt 0:00:37]} Ke5 {[%emt 0:01:48]} 30. Bf3 {[%emt 0:00:31]} Rd7 {[%emt 0:01:09]} 31. Ke2 {[%emt 0:01:26]} Bf5 {[%emt 0:02:03]} 32. h4 {[%emt 0:02:26]} Be4 {[%emt 0:05:24]} 33. Rc1 {[%emt 0:00:37]} Rd3 {[%emt 0:04:00]} 34. Rf1 {[%emt 0:00:39]} g5 {[%emt 0:03:06]} 35. Bxe4 {[%emt 0:13:40]} Kxe4 {[%emt 0:00:05]} 36. Rxf7 {[%emt 0:00:04]} Rxe3+ {[%emt 0:00:14]} 37. Kf2 {[%emt 0:01:14]} Rxb3 {[%emt 0:00:12]} 38. Rf6 {[%emt 0:02:28]} gxh4 {[%emt 0:04:26]} 39. Rxh6 {[%emt 0:00:24]} Rb2+ {[%emt 0:00:36]} 40. Kg1 {[%emt 0:00:14]} Kd3 {[%emt 0:01:28]} 41. Rxh4 {[%emt 0:30:02]} Rb4 {[%emt 0:30:13]} 42. g4 {[%emt 0:03:41]} Rxc4 {[%emt 0:03:17]} 43. Rh3+ {[%emt 0:00:14]} Ke4 {[%emt 0:00:39]} 44. Rg3 {[%emt 0:01:01]} Kf4 {[%emt 0:00:14]} 45. Kh2 {[%emt 0:00:12]} Kg5 {[%emt 0:00:10]} 46. Kh3 {[%emt 0:00:57]} Rxa4 {[%emt 0:00:57]} 47. Re3 {[%emt 0:00:43]} Rxg4 {[%emt 0:03:00]} 48. Re5+ {[%emt 0:00:15]} Kf6 {[%emt 0:00:07]} 49. Rxc5 {[%emt 0:00:02]} Rg5 {[%emt 0:00:12]} 50. Rc7 {[%emt 0:00:09]} Rb5 {[%emt 0:00:24]} 51. Kg4 {[%emt 0:00:04]} a4 {[%emt 0:00:45]} 52. Kf4 {[%emt 0:00:04]} Rb3 {[%emt 0:00:00]} 53. Ke4 {[%emt 0:00:00]} a3 {[%emt 0:00:00]} 54. Rc1 {[%emt 0:00:00]} b5 {[%emt 0:00:00]} 55. Kd4 {[%emt 0:00:00]} b4 {[%emt 0:00:00]} 0-1